| 000 | 00388nam a2200145 a 4500 | ||
|---|---|---|---|
| 020 | _a1555443710 | ||
| 040 | _cDLC | ||
| 082 | 0 | 0 | _a519 SAS 1989 A059 Or. |
| 245 | 0 | 0 |
_aSAS language and procedures : _busage, version 6. |
| 250 | _a1st ed. | ||
| 260 |
_aCary, NC : _bSAS Institute, _cc1989. |
||
| 300 |
_axxx, 638 p. : _bill. (some col.) ; _c28 cm. |
||
| 710 | 2 | _aSAS Institute. | |
| 942 | _cEK | ||
| 999 |
_c14731 _d14731 |
||